Energy management in buildings : (رقم التسجيلة. 35170)

تفاصيل مارك
000 -الفاتح
حقل البيانات ثابتة الطول 00907nam a22002537a 4500
003 - محدد رقم الضبط
رقم الضبط OSt
005 - وقت وتاريخ اخر تعامل مع التسجيلة
رقم الضبط 20150408114219.0
008 - عناصر البيانات ثابتة الطول - معلومات عامة
حقل البيانات ثابتة الطول 140517s2014 enka g 001 0 eng d
020 ## - الرقم الدولى المعيارى للكتب
الرقم الدولى المعيارى للكتاب 9780415706469
020 ## - الرقم الدولى المعيارى للكتب
الرقم الدولى المعيارى للكتاب الملغى /الخاطئ 9781315884752 (ebook)
040 ## - مصدر الفهرسة
وكالة الفهرسة الأصلية Ma-Un
082 00 - رقم تصنيف ديوى العشرى
رقم الطبعة 22
رقم التصنيف 658.26
رقم المادة TDE
100 1# - المدخل الرئيسى - إسم شخصى
الإسم الشخصى Thorpe, Dave,
التواريخ المصاحبة للاسم 1954-
9 (RLIN) 45349
245 10 - بيان العنوان
العنوان Energy management in buildings :
بقية العنوان the Earthscan expert guide /
بيان المسئوليه,etc David Thorpe.
250 ## - بيان الطبعة
بيان الطبعة 1rt. ed
260 ## - PUBLICATION, DISTRIBUTION, ETC. (IMPRINT)
مكان الناشر او الموزع London :
-- New York :
اسم الناشر او الموزع Routledge, Taylor & Francis Group, Earthscan from Routledge,
تاريخ النشر أو التوزيع 2014
300 ## - الوصف المادى
التعداد xvi, 229 p. :
تفاصيل ماديه اخرى للوعاء ill. ;
أبعاد الوعاء 26 cm.
490 0# - بيان السلسلة
عنوان السلسلة Earthscan expert series
500 ## - تبصرة عامة
تبصرة عامة Includes index.
650 ## - المدخل الاضافى بالموضوع-مصطلح موضوعى
مصطلح موضوعي أو اسم جغرافي كعنصر مدخل Buildings
التقسيم الفرعي العام Energy conservation
9 (RLIN) 19211
650 ## - المدخل الاضافى بالموضوع-مصطلح موضوعى
مصطلح موضوعي أو اسم جغرافي كعنصر مدخل Building management.
9 (RLIN) 45350
942 ## -
-- ddc
-- BOOK
999 ## -
-- 35170
-- 269670
المقتنيات
حالة الفقد نموذج السعر الفعال حالة تلف ليس للاعارة رقم الطلب رقم النسخة تاريخ الاكتساب مصدر التزويد Serial Enumeration / chronology الباركود الفرع الرئيسي Date last seen نوع المادة فى نظام كوها مصدر التصنيف او خطة الترفيف Total Checkouts Date last checked out
  2014-05-17   Not For Loan 658.26 TDE 1 2014-05-17 دار العرب CL 00210583 المكتبة المركزية بالمجمعة (CL) 2014-05-17 كتاب Dewey Decimal Classification    
  2014-05-17     658.26 TDE 2 2014-05-17 دار العرب CL 00210581 المكتبة المركزية بالمجمعة (CL) 2025-04-14 كتاب Dewey Decimal Classification 1 2024-01-23
  2014-05-17     658.26 TDE 3 2014-05-17 دار العرب CL 00210580 المكتبة المركزية بالمجمعة (CL) 2014-05-17 كتاب Dewey Decimal Classification